000 01036nam0a22003371 4500
001 v19\rc\1977962
005 20251118181147.2
021 _aRU
_b2009-78059
_92555
035 _a(NLR Aleph) 005061505
090 _a7001064
_c7001064
100 _a20080623d1914 |||y0rusy50 ca
101 0 _arus
102 _aRU
105 _aa z |||c|
200 1 _aПо горной Бухаре
_eПутевые очерки
_fПроф. А.В. Нечаев
210 _aСанкт-Петербург
_cтип. М.М. Стасюлевича
_d1914
215 _aIV, 107 с., 35 ил., [2] л. ил.
_d24
700 1 _aНечаев
_bА. В.
_f1864-1915
_gАлексей Васильевич
801 0 _aRU
_bNLR
_gpsbo
801 0 _aRU
_bRuMoRGB
_2psbo
801 1 _aRU
_bProSoft-M
_2rusmarc
852 _aNLR
_j37.45.2.51
852 _aNLR
_j132/3634
899 _aRuMoRGB
_jV 23/15
899 _aRuMoRGB
_jW 80/248
899 _aБАН
899 _aНБ СПбГУ
899 _aГПИБ
899 _aНБ МГУ
942 _cBOOK
980 _aNB